000 00433cam a2200181ua 4500
020 _c3.00
041 _ahin
_h
082 _a891.54
_bRAM/RA
100 _aRamprasad, Bismil.
245 _aRamprasad Bismil: Atmakatha /
_cRamprasad Bismil.
_hTextual Documents
250 _a3 /
_b.
260 _a :
_bAtmaram and Sons ,
_c1966.
300 _a156 ; .
365 _a3.00
504 _a
942 _cBK
999 _c8166
_d8166